| 000 | 00632cam a22001691 4500 | ||
|---|---|---|---|
| 082 | 0 | 0 |
_a621.3192 _bBRE _cL-10, P-28 |
| 245 | 0 | 0 |
_aAnalysis of electric circuits _c[by] G. Zeveke [and others] Translated from the Russian by Boris Kuznetsov. |
| 260 |
_aMoscow, _bMir Publishers, _cc1959. |
||
| 300 |
_axv, 703 p. _billus. _c23 cm. |
||
| 500 | _a"Revised from the 1965 Russian edition." | ||
| 500 | _aTranslation of Osnovy teorii t︠s︡epeĭ. | ||
| 526 |
_a0 _b0 _c0 _d621_319200000000000_BRE |
||
| 650 | 0 |
_aElectric circuit analysis. _92075 |
|
| 650 | 0 |
_aMCE _9379 |
|
| 700 | 1 |
_aZeveke, Georgiĭ Vasilʹevich. _941419 |
|
| 942 |
_2ddc _cBK |
||
| 999 |
_c545527 _d545527 |
||